Investiční činnost komerčních pojišťoven

Bibliographic Details
Main Author: Čejková, Viktória, 1937- (Author)
Format: Article
Language:Slovak
Czech
PhysicalDescription:Príl., sch., tab.
ISSN:0013-3035
Subjects:

MARC

LEADER 00000nab a2200000 a 4500
001 vtls000765606
003 SK-MaSNL
005 20260304133343.0
008 250429c2001 xo 0 slo
015 |a SNBRB2001/08-22758 
035 |a CLN000117393 
035 |a urn:nbn:sk:snk-ab6rx2 
035 |a (uuid)81a5aeca-cf01-4544-b592-19aa3fd4db2f 
035 |a (urnnbn)urn:nbn:sk:snk:ar-a05hdo 
035 |a (sysno)vtls000765606 
040 |a SNKBUCL  |b slo  |c SNKBUCL  |e AACR2 
041 0 |a cze 
044 |a xo  |c SK 
080 |a 368.031/.032:336.767  |2 1997 
080 |a 336.767  |2 1997 
100 1 |a Čejková, Viktória,  |d 1937-  |4 aut  |9 121870 
245 1 0 |a Investiční činnost komerčních pojišťoven  |c Viktória Čejková 
300 |b Príl., sch., tab. 
504 |a Res. angl. 
504 |a Bibliogr. odkazy 
650 0 7 |a poisťovne komerčné  |x činnosť investičná  |2 snkbucl  |9 904781 
655 7 |a články z novín a časopisov  |2 snkbucl  |9 267496 
773 0 |t Ekonomický časopis  |g Roč. 49, č. 2 (2001), s. 283-305  |x 0013-3035 
850 |a Slovenská národná knižnica 
852 |a Slovenská národná knižnica 
954 |a odborná, vedecká literatúra cudzojazyčná (svetová)  |2 lita 
958 |a article27 
958 |a NB 
958 |a OND 
958 |a EUIPO 
992 |a RBX 
999 |c 2901039  |d 2902969